[Event "Twente Young Master op-B"]
[Site "Twente"]
[Date "2007.08.11"]
[Round "9"]
[White "Krah, Laurens"]
[Black "Leyten, Aljosja"]
[Result "1-0"]
[WhiteElo "1000"]
[BlackElo "935"]
[PlyCount "35"]
[EventDate "2007.08.06"]
[EventType "swiss"]
[EventRounds "9"]
[EventCountry "NED"]
[SourceTitle "EXT 2008"]
[Source "ChessBase"]
[SourceDate "2007.11.25"]
[SourceVersion "1"]
[SourceVersionDate "2007.11.25"]
[SourceQuality "1"]

1. d4 g6 2. Nf3 Nf6 3. Nc3 Bg7 4. g3 0-0 5. Bg2 d6 6. Be3 b6 7. Ng5 Nbd7 8. Bxa8 Ba6 9. Bf3 h6 10. Nge4 Nxe4 11. Bxe4 e5 12. Qd2 c5 13. dxc5 dxc5 14. 0-0-0 Qc8 15. Qxd7 Qxd7 16. Rxd7 f5 17. Bd5+ Kh8 18. Rxa7 1-0

[Event "Twente Young Master op-B"]
[Site "Twente"]
[Date "2007.08.09"]
[Round "6"]
[White "Leyten, Aljosja"]
[Black "Euser, Maarten"]
[Result "0-1"]
[WhiteElo "935"]
[BlackElo "1346"]
[PlyCount "42"]
[EventDate "2007.08.06"]
[EventType "swiss"]
[EventRounds "9"]
[EventCountry "NED"]
[SourceTitle "EXT 2008"]
[Source "ChessBase"]
[SourceDate "2007.11.25"]
[SourceVersion "1"]
[SourceVersionDate "2007.11.25"]
[SourceQuality "1"]

1. c4 e6 2. Nc3 Nf6 3. g3 Nc6 4. e4 d5 5. Bg2 dxc4 6. Qa4 Bd7 7. Qxc4 Ne5 8. Qb3 Bc6 9. Qc2 Qd7 10. Nf3 Nd3+ 11. Ke2 Nb4 12. Qd1 Qd3+ 13. Ke1 Nc2+ 14. Qxc2 Qxc2 15. Ke2 Bxe4 16. Re1 Qd3+ 17. Kd1 Bxf3+ 18. Bxf3 Qxf3+ 19. Re2 Nd5 20. Nxd5 Qxd5 21. Ke1 Qh1# 0-1